Statistics for 10 Most Populated US Cities In US States Beginning with 'N'

Click here to take the quiz!

General Stats

  • This quiz has been taken 28 times
  • The average score is 7 of 10

Answer Stats

PopAnswer% Correct
8.4 MillionNew York
100%
562599Albuquerque
80%
879709Charlotte
80%
307220Newark
80%
469124Raleigh
76%
646790Las Vegas
72%
487300Omaha
68%
298623Greensboro
64%
292657Lincoln
64%
322178Henderson
48%

Score Distribution

Percentile by Number Answered

Percent of People with Each Score

Your Score History

You have not taken this quiz